Southville International School and Colleges
Your cart is empty.
  • Cart
  • Lists
    Public lists Eva Luna New books Lux_list list_1
    Your lists Log in to create your own lists
  • Log in to your account
  • Your cookies
  • Search history
Southville International School and Colleges
  • Advanced search
  • Recent comments
  • Most popular
  • Libraries

Log in to your account

Log in with GOOGLE


If you do not have an external account, but do have a local account, you can still log in:

  1. Home
  2. MARC view: GEMS in English & American literature /
Normal view MARC view ISBD view

GEMS in English & American literature / (Record no. 8809)

[ view plain ]
MARC details
000 -LEADER
fixed length control field 00736nam a22002417a 4500
003 - CONTROL NUMBER IDENTIFIER
control field SISC
005 - DATE AND TIME OF LATEST TRANSACTION
control field 20160622151458.0
008 - FIXED-LENGTH DATA ELEMENTS--GENERAL INFORMATION
fixed length control field 130816t xxu||||| |||| 00| 0 eng d
020 ## - INTERNATIONAL STANDARD BOOK NUMBER
International Standard Book Number 9710843877
050 ## - LIBRARY OF CONGRESS CALL NUMBER
Classification number PS 507
Item number .M553 2005
082 ## - DEWEY DECIMAL CLASSIFICATION NUMBER
Classification number HS 820.9
Item number G28 2005
100 ## - MAIN ENTRY--PERSONAL NAME
Personal name Mercado, Julio F.
9 (RLIN) 11267
245 ## - TITLE STATEMENT
Title GEMS in English & American literature /
Statement of responsibility, etc Mercado, Julio F. ... [et al]
260 ## - PUBLICATION, DISTRIBUTION, ETC. (IMPRINT)
Place of publication, distribution, etc Mandaluyong City :
Name of publisher, distributor, etc National Book Store,
Date of publication, distribution, etc c2005.
300 ## - PHYSICAL DESCRIPTION
Extent 456 p. :
Other physical details ill. ;
Dimensions 25 cm.
650 ## - SUBJECT ADDED ENTRY--TOPICAL TERM
Topical term or geographic name as entry element English literature
General subdivision History and criticism.
9 (RLIN) 11268
650 ## - SUBJECT ADDED ENTRY--TOPICAL TERM
Topical term or geographic name as entry element American literature
General subdivision History and criticism.
9 (RLIN) 11269
942 ## - ADDED ENTRY ELEMENTS (KOHA)
Source of classification or shelving scheme Library of Congress Classification
Koha item type Books
Holdings
Withdrawn status Lost status Source of classification or shelving scheme Damaged status Home library Current library Shelving location Date acquired Total Checkouts Full call number Barcode Date last seen Copy number Price effective from Koha item type
    Library of Congress Classification   Luxembourg Library Luxembourg Library High School Section 08/16/2013   PS 507 .M553 2005 14946 08/16/2013 1 08/16/2013 Books
    Library of Congress Classification   Luxembourg Library Luxembourg Library High School Section 08/16/2013   PS 507 .M553 2005 14947 08/16/2013 2 08/16/2013 Books
    Library of Congress Classification   Luxembourg Library Luxembourg Library High School Section 08/16/2013   PS 507 .M553 2005 14948 08/16/2013 3 08/16/2013 Books
    Library of Congress Classification   Luxembourg Library Luxembourg Library High School Section 08/16/2013   PS 507 .M553 2005 14949 08/16/2013 4 08/16/2013 Books

GEMS in English & American literature /

APA

Mercado J. F., . (2005). GEMS in English & American literature. Mandaluyong City: National Book Store.

Chicago

Mercado Julio F, . 2005. GEMS in English & American literature. Mandaluyong City: National Book Store.

Harvard

Mercado J. F., . (2005). GEMS in English & American literature. Mandaluyong City: National Book Store.

MLA

Mercado Julio F, . GEMS in English & American literature. Mandaluyong City: National Book Store. 2005.

  • Place hold
  • Print
  • Cite
  • Add to your cart (remove)
  • Save record
    BIBTEX Dublin Core MARCXML MARC (non-Unicode/MARC-8) MARC (Unicode/UTF-8) MARC (Unicode/UTF-8, Standard) MODS (XML) RIS
  • More searches
    Search for this title in:
    Other Libraries (WorldCat) Other Databases (Google Scholar) Online Stores (Bookfinder.com) Open Library (openlibrary.org)

Exporting to Dublin Core...

SOUTHVILLE LIBRARY

Southville International School and Colleges Library

1281 Tropical Ave. Cor. Luxembourg St., BF Homes International, Las Pinas City

Tel. No. 8256374 / 252358 Loc. 117/146

Powered by Koha